| 000 | 00572nam a22001817a 4500 | ||
|---|---|---|---|
| 005 | 20251108165031.0 | ||
| 008 | 250721s1992 xx 000 0 ara d | ||
| 082 | 1 | 4 | _a956.4/دمب |
| 100 | 1 | _aدمبر، مايكل | |
| 245 | 1 | 0 | _aسياسة إسرائيل تجاه الأوقاف الإسلامية في فلسطين 1948-1988 / |
| 264 | 1 |
_aبيروت : _bمؤسسة الدراسات الفلسطينية، _c1992. |
|
| 300 | _a293ص | ||
| 650 | 1 | 7 | _aتاريخ فلسطين |
| 650 | 1 | 7 | _aالوقف |
| 650 | 1 | 7 | _aفلسطين |
| 942 |
_2ddc _cBK |
||
| 999 |
_c20473 _d20473 |
||